Falsedad documental: revisión de un delito de engaño
Guardado en:
| Autor principal: | |
|---|---|
| Formato: | Libro |
| Lenguaje: | español |
| Publicado: |
Madrid
Marcial Pons
2011
|
| Edición: | 1a. ed |
| Materias: | |
| Etiquetas: |
Agregar Etiqueta
Sin Etiquetas, Sea el primero en etiquetar este registro!
|
MARC
| LEADER | 00000cam a2200000 a 4500 | ||
|---|---|---|---|
| 001 | UCF8486 | ||
| 003 | CL-VaPUC | ||
| 008 | 130829e20110000sp |||||||||||||||||spa|d | ||
| 020 | |a 9788497688024 | ||
| 082 | 0 | 4 | |a 364.163 |b JAK |2 21 |
| 100 | |a Jakobs, Günther |e author |9 484793 | ||
| 245 | 1 | 0 | |a Falsedad documental: revisión de un delito de engaño |
| 250 | |a 1a. ed | ||
| 300 | |a 224 p | ||
| 942 | |c BK | ||
| 945 | |d 20130829 16:45:00 |a dcastane | ||
| 260 | |a Madrid |b Marcial Pons |c 2011 | ||
| 650 | 7 | |a FALSIFICACION |2 CL-VaPUC |9 570571 | |
| 650 | 7 | |a FALSIFICACION DE DOCUMENTOS LEGALES |2 CL-VaPUC |9 570572 | |
| 650 | 0 | |a Delitos |9 224143 | |
| 583 | |a last modification |c 20130829 16:45:00 |k Rodrigo Vera | ||
| 999 | |c 353057 |d 353055 | ||
| 952 | |0 0 |1 0 |3 erd |4 0 |6 364_163000000000000_JAK_2011 |7 0 |8 A |9 457949 |a BIBDER |b BIBDER |d 2019-11-23 |i 5003865 |l 1 |o 364.163 JAK 2011 |p 5003865 |r 2023-11-27 |s 2023-11-23 |w 2019-11-23 |y BK |z Catalogado en:20130829 |k DER | ||